| 000 | 00821nam a22002057a 4500 | ||
|---|---|---|---|
| 005 | 20130528152142.0 | ||
| 010 | _aB-506570-571 | ||
| 020 |
_a9788131788738 _c325.00 |
||
| 035 | _aB-506570-571 | ||
| 037 | _bKKP/Ven | ||
| 082 | _a512.5 | ||
| 245 |
_aSuper course in physics electricity and magnetism for the JEE-ISEET / _b(joint entrance examination-Indian science engineering eligibility test) |
||
| 246 | _aJEE/ISEET | ||
| 260 |
_aNoida _bPearson _c2012 |
||
| 270 |
_a7th Floor, Knowledge Boulevard, A-8(A), Sec-62 _bNoida _e201309 |
||
| 300 |
_avarious pages _c28cm(pbk). |
||
| 500 | _aIt include index | ||
| 942 |
_2ddc _cEN _mSUP _h512.5 |
||
| 999 |
_c74415 _d74415 |
||